| 000 | 00920nam a2200289 a 4500 | ||
|---|---|---|---|
| 001 | 73190 | ||
| 003 | BD-RjUL | ||
| 005 | 20211209082347.0 | ||
| 008 | 170529s1942 nyu 001 0 eng c | ||
| 035 | _a(BD-RjUL)73408 | ||
| 040 |
_aNAM _cNAM _dMYG _dBD-RjUL _beng |
||
| 041 | _aeng | ||
| 082 |
_a621.3133 _223 _bMOA 1942 |
||
| 090 | _aTK1141.M68x 1942 | ||
| 100 | 1 |
_aMorecock, Earle Monroe, _d1898- _9216500 |
|
| 245 | 1 | 0 |
_aAlternating-current circuits / _cEarle M. Morecock. |
| 260 |
_aLondon : _bHarper & brothers, _c1942 |
||
| 300 |
_axii, 173 p. : _bill. ; _c24 cm. |
||
| 490 | 1 | _aRochester technical series | |
| 500 | _a"First edition." | ||
| 500 | _a"Answers": p. 167-172. | ||
| 650 | 0 |
_aElectric currents, Alternating. _9216501 |
|
| 650 | 0 |
_aElectric circuits. _9216502 |
|
| 710 | 2 |
_aRochester Athenaeum and Mechanics Institute. _9216503 |
|
| 830 | 0 |
_aRochester technical series. _9216504 |
|
| 942 |
_2ddc _cBK |
||
| 999 |
_c73190 _d73190 |
||